MDQL
is popping MORE tags! Check the
thread
!
Quizzes
Events
Quiz Creation
Community
Videos
Private Events
Remove Ads
Sign In
Join for FREE
Feedback
Dark Mode
Quiz Categories
Sports
Geography
Music
Movies
Television
Just For Fun
Miscellaneous
History
Literature
Language
Science
Gaming
Entertainment
Religion
Holiday
For Kids
Quiz Lab
Recent
Popular Today
Quiz Kudos Today
Editor Picks
Curator Picks
Quizzes by...
Day
Popularity
Type
Ratings
Length
Year
Community
Subscriptions
Recent Discussions
Orange Saloon
Badges
Playlists
Quests
Create
Leaderboards
Showdown
Live 5
Trivia Bingo
Activity
Puzzle Library
Sporcle Events
Private Events
Virtual Trivia
Globe League
Become a Host
Pub Owners
SporcleCon
Opinionation
Our Games
Videos
Blog
Mobile Apps
Partnerships
Remove Ads and Go Orange
Feedback
Music
Pop Music
The Beatles
Song
Album
Lyrics
Bands
Singers
Artist
Clip
Rock
Rap
Classical
Billboard
Country Music
Kpop
Taylor Swift
Music
Pop Music
The Beatles
Song
Album
Lyrics
Bands
Singers
Artist
Clip
Rock
Rap
Classical
Billboard
Country Music
Kpop
Taylor Swift
Random Quiz
Search Sporcle
×
Quiz Lab
Quiz Lab
Music
Song
Select answers by clicking on text or image buttons
Select answers by clicking on text or image buttons
Clickable
Best Score? Go Orange.
Who Sang that Song? (2013) Stats
Can you match the Who Sang that Song? (2013)?
By
Airadela
6m
36 Questions
570 Plays
570 Plays
570 Plays
Comments
Comments
Give Quiz Kudos
Give Quiz Kudos
-
- Ratings
hide this ad
Random Order
Randomize order of answers
Randomize order of answers
Replay
Link that replays current quiz
Next Quiz
Link to next quiz in quiz playlist
You Got
0%
They Got
Avg Score
86%
Avg Friend Score
Upgrade to see
Score Distribution
Jump to the score distribution portion of the page
Score
0/36
Timer
06:00
0
Plays Today
% Correct
Call Me Maybe
98%
We Are Never Getting Back Together
97.4%
What Makes You Beautiful
97%
Tik Tok
97%
Rolling In The Deep
96.8%
When I Was Your Man
96.5%
Starships
95.6%
Girl on Fire
94.9%
Paparazzi
94.4%
Somebody I Used To Know
94%
Suit and Tie
93.3%
We Found Love
93%
The A Team
92.6%
Glad You Came
92.4%
Heart Attack
92%
As Long As You Love Me
91.8%
Part of Me
91.8%
Forget You
89.8%
% Correct
Some Nights
89.3%
A Thousand Years
88.8%
Ho Hey
88.3%
One More Night
87.9%
Ridin' Solo
87.7%
Good Feeling
87.2%
Don't Wake Me Up
86.4%
Want U Back
85.1%
Blow Me
83%
I Won't Give Up
82.8%
I Will Wait
82.7%
Too Close
82.5%
Everybody Talks
80.2%
If I Die Young
79.7%
Little Talks
79.5%
Catch My Breath
79.1%
Its Time
78.6%
50 Ways to Say Goodbye
78.4%
Quiz Playlist
Details
Report
Send in Message
Add To Playlist
Clickable:
Select answers by clicking on text or image buttons
Random Order:
Randomize order of answers
Last Updated: Feb 16, 2017
Quiz Scoreboard
CHALLENGE
Sign Up to Join the Scoreboard
Show All
Scores
Hide
Comments
May contain spoilers
Recently Published
Street Fighter Characters
by Artimus82
Gaming
60s
9x9 Crossword: Cartoon Network
by jackfrog10
Miscellaneous
3m
College Basketball Coaching Resumes
by pancakes188
Sports
9m
More to Explore
Quiz From the Vault
Featured Blog Post
Where Did the Easter Bunny Come From?
hide this ad
You Might Also Like...
Tags
Song Quiz
sang
Today's Top Quizzes in Music
Browse Music
hide this ad
Today's Top Quizzes in Song
Browse Song
Top Contributed Quizzes in Music
1
Taylor Swift All Songs (2024)
2
Taylor Swift Logic Puzzle
3
Guess the Artist- 70s Songs
4
7-to-1: Billboard Hot 100 #1 Hits of 2010s
5
Sorting Albums and Songs
6
KPOP LOGIC QUIZ
7
Guess the Taylor Swift song (Mystery Song)
8
Guess The Taylor Swift Lyrics Song #1
9
Billboard Blitz: ABBA
10
Billboard Blitz: The Beatles
Explore More
Trending Topics
Harry Potter
Kpop
NBA
Marvel
Disney
Anime
Crossword
Song
WWE
Puzzle
Pokémon
NFL
Soccer
The Office
Country
hide this ad
More By:
Airadela
Quiz
Plays
Rating
Category
Featured
Created
What is that Song? (2013)
1,095
2.50
Music
Feb 16, 2013
Who Sang that Song? (2013)
570
2.00
Music
Feb 13, 2013
Name Top 10 Villians of Harry Potter
420
1.81
Movies
Apr 4, 2013
Name Top 10 Characters of Twilight Saga
382
3.00
Movies
Apr 8, 2013
Who is the Author? (Young Adult Version 2013)
273
3.67
Literature
Apr 2, 2013
Go to Creator's Profile
Score Distribution
Quiz Creator Spotlight
Airadela
Follow
Send a Message
Quizzes Created
-
Created Quiz Play Count
-
More By This Creator
Popular Quizzes Today
1
Find the US States - No Outlines Minefield
2
Find the Countries of Europe - No Outlines Minefield
3
The Countries of the World
4
Find the US States
5
Risky Map Clicking: Biggest States A-Z
6
US States
7
Popular People in 1961
8
Movies - When Are They Set?
More Music Quizzes
Singers Born in the 1980s
Published
Trending Quizzes
Risky Map Clicking: Least Populous States A-Z
Countries of the World: 200 Million BC
Billboard Blitz: Aretha Franklin
1-10 Letter G Words
Famous Russians: Author or Composer?
Recently Updated
Leaping Animals
pecheneg
Reality TV Shows (A-Z)
bhenderson79
Rickey Henderson's Hall of Fame Teammates
pecheneg
Champions League XIs: Arsenal
pecheneg
Quick Pick: Celebrities in WWE's Hall of Fame
aduchscher
A-Z Keypad Blitz II
pecheneg
Multiple Oscar Actors
pecheneg
Mystery Phrase Blitz: Oscar 'Best Actors'
pecheneg
F. Scott Fitzgerald Novels
LTH
Pick 3 Villains
ddd62291
Trending Topics
Disney
Kpop
Marvel
Crossword
Anime
Harry Potter
NBA
NFL
Puzzle
Soccer
The Office
WWE
Pokémon
Song
Country
Your Account Isn't Verified!
In order to create a playlist on Sporcle, you need to verify the email address you used during registration. Go to your
Sporcle Settings
to finish the process.
Report this User
Report this user for behavior that violates our
Community Guidelines
.
Details:
Send Report
Go to the Sporcle.com Mobile Site →
Comments